Buffy the Vampire Slayer: Try to find 40 characters - Statistics

General Stats
  • This quiz has been taken 312 times
    235 since last reset
  • The average score is 28 of 40
Answer Stats
Hint Answer % Correct
4 Alexander Harris
99%
12 Angel (Liam)
99%
1 Buffy Summers
99%
13 Spike (William Pratt)
99%
7 Willow Rosenberg
99%
14 Drusilla
98%
16 Rupert Giles
97%
3 Dawn Summers
94%
2 Joyce Summers
94%
5 Cordelia Chase
92%
8 Tara Maclay
92%
20 Faith Lehane
89%
10 Oz (Daniel Osbourne)
89%
11 Riley Finn
88%
6 Anya Jenkins
87%
22 The Master
85%
26 Glory (Glorificus)
79%
28 Jonathan Levinson
73%
24 Adam
71%
30 Andrew Wells
71%
23 The Mayor (Richard Wilkins)
71%
15 Darla
70%
19 Wesley Wyndam-Pryce
69%
17 Jenny "Jennifer" Calendar
68%
29 Warren Mears
68%
34 Harmony Kendall
67%
21 Kendra Young
60%
27 Benjamin Wilkinson
58%
18 Principal R.Snyder
58%
9 Kennedy
57%
38 Robin Wood
51%
39 Amy Madison
50%
32 Caleb
50%
25 Maggie Walsh
45%
36 Clement
42%
33 Mr Trick
36%
37 Amanda
27%
31 Ethan Ryane
27%
40 Halfrek / Cecily
27%
35 Jesse McNally
19%
No matching quizzes found
Score Distribution
Percent of People with Each Score
Percentile by Number Answered
Your Score History
You have not taken this quiz since the last reset